| 000 | 00692nam a2200229Ia 4500 | ||
|---|---|---|---|
| 001 | 1689 | ||
| 003 | GE_BSU | ||
| 008 | 181216s||||||||xx |||||||||||||| ||und|| | ||
| 020 | _a5150003997 | ||
| 040 | _cGE_BSU | ||
| 100 | _aНовосельцев, А.П. и др. | ||
| 245 | _aИстория России с древнейших времен до конца XVII века. | ||
| 245 | _bДля студ. вузов | ||
| 245 | _cОтв.ред.А.Н.Сахаров А.П.Новосельцев | ||
| 260 | _aМосква | ||
| 260 | _bИзд-во АСТ | ||
| 260 | _c1998 | ||
| 300 | _a574стр. 19см. | ||
| 541 | _h18л. | ||
| 653 | _aИстория России | ||
| 942 | _cBK | ||
| 999 |
_c35803 _d35803 |
||